State Capitals That Beat Jackson - Statistics

General Stats
  • This quiz has been taken 93 times
  • The average score is 9 of 10
Answer Stats
Rank Category Answer % Correct
10 Closest to Mexico Phoenix | Austin | Santa Fe | Oklahoma City | Baton Rouge | Carson City | Sacramento | Denver | Salt Lake City
100%
8 Hottest Average Temperature Honolulu | Phoenix | Austin | Tallahassee | Baton Rouge | Columbia | Montgomery
99%
9 Least Snow Honolulu | Phoenix | Sacramento | Tallahassee | Baton Rouge | Montgomery | Columbia | Austin
99%
5 Farthest South Honolulu | Austin | Tallahassee | Baton Rouge
93%
6 Closest to Cuba Tallahassee | Montgomery | Baton Rouge | Columbia | Atlanta
93%
3 Closest to the Mississippi River Baton Rouge | St. Paul
86%
7 Slowest Growing (2010-2020) Charleston | Springfield | Topeka | Hartford | Jefferson City | Montpelier
85%
3 Most Common as a First Name Austin | Madison
81%
4 Most Precipitation Juneau | Baton Rouge | Tallahassee
72%
4 Most Scrabble Points Jefferson City | Oklahoma City | Salt Lake City
69%
No matching quizzes found
Score Distribution
Percent of People with Each Score
Percentile by Number Answered
Your Score History
You have not taken this quiz